The unfortunate shipwright : Or, Cruel captain. Being a faithful narrative of the unparallel'd sufferings of Robert Barker, late carpenter on board the thetis snow of Bristol, in a voyage to the coast of Guinea and Antigua.

Bibliographic Details
Main Author: Barker, Robert, 1729-
Corporate Author: Gale (Firm)
Format: eBook
Language:English
Published: London : Printed for, and sold by the author, and may be had at Mr. Samuel Collins's, the sign of the Card-maker's Arms on Garlick Hill, London, and no where else, 1758.
Subjects:
Online Access:Connect to the full text of this electronic book

MARC

Tag First Indicator Second Indicator Subfields
LEADER 00000cam a2200000 4500
001 in00003819607
005 20190415185926.0
006 m o d
007 cr |n||||||||n
008 890829s1758 enk|||| o 00||||eng c
035 |a (CU-RivES)T194714 
035 |a (Uk-ES)006289353 
035 |a (OCoLC)509564084 
040 |a Uk-ES  |c Uk-ES  |d CStRLIN  |d Cengage Gale  |d UtOrBLW 
050 4 |a AC4  |b .B375 1758 
100 1 |a Barker, Robert,  |d 1729-  |0 http://id.loc.gov/authorities/names/nr91009842 
245 1 4 |a The unfortunate shipwright :  |b Or, Cruel captain. Being a faithful narrative of the unparallel'd sufferings of Robert Barker, late carpenter on board the thetis snow of Bristol, in a voyage to the coast of Guinea and Antigua. 
264 1 |a London :  |b Printed for, and sold by the author, and may be had at Mr. Samuel Collins's, the sign of the Card-maker's Arms on Garlick Hill, London, and no where else,  |c 1758. 
300 |a 1 online resource (39, 1 unnumbered pages)  
336 |a text  |b txt  |2 rdacontent 
337 |a computer  |b c  |2 rdamedia 
338 |a online resource  |b cr  |2 rdacarrier 
510 4 |a English Short Title Catalog,  |c T194714. 
500 |a Reproduction of original from Cambridge University Library. 
500 |a Electronic resource. 
650 0 |a Voyages and travels  |v Early works to 1800.  |0 http://id.loc.gov/authorities/subjects/sh2008113313 
655 7 |a Electronic books.  |2 local 
710 2 |a Gale (Firm)  |0 http://id.loc.gov/authorities/names/no2008071348 
752 |a Great Britain  |b England  |d London. 
856 4 0 |u http://proxy.library.tamu.edu/login?url=http://find.galegroup.com/ecco/infomark.do?contentSet=ECCOArticles&docType=ECCOArticles&bookId=1454700700&type=getFullCitation&tabID=T001&prodId=ECCO&docLevel=TEXT_GRAPHICS&version=1.0&source=library&userGroupName=txshracd2898  |z Connect to the full text of this electronic book  |t 0 
999 f f |s 11663989-623b-3cb9-b717-fa32692d3a67  |i 64cb99f9-0595-3edc-9d11-0caee3512791  |t 0 
952 f f |a Texas A&M University  |b College Station  |c Electronic Resources  |d Available Online  |t 0  |e AC4 .B375 1758  |h Library of Congress classification 
998 f f |a AC4 .B375 1758  |t 0  |l Available Online